|
|
|
|
| LEADER |
00713cam a2200193 7i4500 |
| 001 |
0000004265 |
| 005 |
20170218090000.0 |
| 020 |
|
|
|a 0471224103 (hbk.)
|
| 020 |
|
|
|a 9780471224105
|
| 090 |
0 |
0 |
|a TK5102.9
|b .F57 2002
|
| 100 |
1 |
|
|a Fischer, Robert F. H
|
| 245 |
1 |
0 |
|a Precoding and signal shaping for digital transmission
|c Robert F.H. Fischer.
|
| 260 |
|
|
|a New York:
|b Wiley-Interscience,
|c 2002.
|
| 300 |
|
|
|a xii, 492 p.:
|b ill.;
|c 25 cm.
|
| 504 |
|
|
|a Includes bibliographical references and index
|
| 650 |
0 |
0 |
|a Signal processing --
|x Digital techniques
|
| 710 |
2 |
|
|a IEEE
|
| 997 |
|
|
|a Communication, Visual Art & Computing, Faculty
|b Computing, Department
|
| 999 |
|
|
|a 0000005630
|b BOK
|c OPEN SHELF
|e 1st Floor, Bestari Jaya
|